000 00375pab a2200145 454500
008 180718b2015 xxu||||| |||| 00| 0 eng d
100 _aJeelani, S.
245 _aCentral universities: challenges to achieve world class standards
260 _c2015
300 _aP.16-22,28.
362 _a03 Aug
650 _aUniversities
773 _aUniversity News
909 _a108556
999 _c108551
_d108551